| 000 | 00952cam a2200325 i 4500 | ||
|---|---|---|---|
| 001 | 768714001 | ||
| 003 | CO-MdFUSB | ||
| 005 | 20240615134145.0 | ||
| 007 | ta | ||
| 008 | 160922t2010 -uk||||| |||| 00| 0 eng d | ||
| 020 | _a9780567032294 | ||
| 040 |
_aCO-MdFUSB _bEspañol _cCO-MdFUSB _dCO-MdFUSB |
||
| 041 | _aeng | ||
| 082 |
_224 _aG 234.163 _bM478e |
||
| 100 | 1 |
_aMcMichael, Ralph N. _eautor |
|
| 245 | 1 | 0 |
_aEucharist: _bA guide for the perplexed _c/ Ralph N. McMichael |
| 264 | 1 |
_aLondon : _bT & T Clark, _c[2010] |
|
| 264 | 4 | _c©2010 | |
| 300 | _a164 páginas | ||
| 336 |
_2rdacontent _atexto _btxt |
||
| 337 |
_2rdamedia _asin mediación _bn |
||
| 338 |
_2rdacarrier _avolumen _bnc |
||
| 500 | _aIncluye índice (P. 163-164) | ||
| 501 | _aRústico | ||
| 505 | _aLa Eucaristía - Tradición - Presencia - Sacrificio - Iglesia - Vida - Teología | ||
| 653 | _aSacramentos | ||
| 653 | _aEucaristía | ||
| 942 | _cBK | ||
| 945 | _aMiguel | ||
| 999 |
_c47198 _d47198 |
||